000 00342nam a2200145Ia 4500
008 150201s2005 xx 000 0 und d
082 _a615.83
_bT05P
100 _aPORTER , STUART
245 _aTIDY,S PHYSIOTHERAPY
250 _a13TH
260 _bELSEVIER
_aINDIA
_c2005
300 _a1-610
650 _aPHYSIOTHERAPY
942 _2ddc
_cBK
_07
999 _c1521
_d1521